| 000 | 00850cam a22002533a 4500 | ||
|---|---|---|---|
| 001 | 28622 | ||
| 003 | PGUSA | ||
| 005 | 20140828083622.0 | ||
| 008 | 090427s2009||||xxu|||||s|||||000 | eng d | ||
| 040 |
_aPGUSA _beng |
||
| 042 | _adc | ||
| 050 | 4 | _aPR | |
| 100 | 1 |
_aByron, George Gordon Byron, Baron, _d1788-1824 |
|
| 245 | 1 | 0 |
_aOeuvres complètes de lord Byron. Tome 07 : _bcomprenant ses mémoires publiées par Thomas Moore _h[electronic resource] / _cGeorge Gordon Byron, Baron Byron |
| 260 |
_bProject Gutenberg, _c2009 |
||
| 506 | _aPublic domain in the USA. | ||
| 516 | _aElectronic text | ||
| 653 | _aEnglish literature -- Translations into French | ||
| 700 | 1 |
_aParis, Paulin, _d1800-1881 |
|
| 700 | 1 |
_aMoore, Thomas, _d1779-1852 |
|
| 830 | 0 |
_aProject Gutenberg _v28622 |
|
| 856 | 4 | 0 | _uhttp://www.gutenberg.org/ebooks/28622 |
| 942 | _cEB | ||
| 999 |
_c257877 _d257877 |
||